[Event "Werther Schloss op-C 10th"]
[Site "Werther"]
[Date "2004.04.02"]
[Round "1"]
[White "Iseringhausen, Martin"]
[Black "Oezder, Cemil"]
[Result "1-0"]
[WhiteElo "1367"]
[BlackElo "971"]
[PlyCount "35"]
[EventDate "2004.04.02"]
[EventType "swiss"]
[EventRounds "5"]
[EventCountry "GER"]
[SourceTitle "EXT 2006"]
[Source "ChessBase"]
[SourceDate "2005.11.24"]
[SourceVersion "1"]
[SourceVersionDate "2005.11.24"]
[SourceQuality "1"]

1. e4 e5 2. Nf3 Nc6 3. Bc4 Nf6 4. d3 d5 5. exd5 Nxd5 6. 0-0 Bc5 7. Re1 Be6 8. Bd2 0-0 9. Bb5 Qd6 10. Bxc6 Qxc6 11. Nxe5 Qb6 12. Nc4 Qb5 13. Nd6 cxd6 14. c4 Qxb2 15. cxd5 Bxd5 16. Bc3 Qb6 17. Qg4 Rae8 18. Qxg7# 1-0